00254nam a2200097 a 450000500170000000800410001705000210005824500220007926000350010144000200013620140414132114.0110817s19uu xx 00 eng d aREF 503bS1 1990 aSpace technology. aSingapore :bWorl book,c1990. aYoung Scientist